000 01280nas a2200277Ia 4500
001 R050-S1210
003 IT-CnALBA
008 170116c99999999xx |||||||||||| ||und||
040 _aIT-CnALBA
_cIT-CnALBA
041 _aITALIANO
100 _aQUAGLINI MARIA AGNES
210 _aCATECHISTI PARROCCHIALI
222 _aCATECHISTI PARROCCHIALI
245 0 _aCATECHISTI PARROCCHIALI. VIA VERITÀ VITA. GIUGNO 1968.
250 _a1a ed.
260 _a ROMA
_bCENTRO CATECHISTICO PAOLINO
_c1968 [1° Ed.:1968 - Ed.Ling.Originale: 1968]
300 _a32 p.
310 _aMENSILE
362 _aFascicolo: 6 / Anno: 5 (1968)
500 _aTEMPO DI SPERANZA. NOTA. PENTECOSTE. DIALOGO PER CORRISPONDENZA. CELEBRAZIONE CRESIMA. CATECHISMO IN VACANZA. CAMMINO VERSO IL PADRE. PROFETA. SACERDOTI. SEGNALAZIONI. FERRONATO, COZZI, MIGNOLLI, BATTISTELLA, GRAZIOSO.
501 _aSocietà San Paolo EM - Piazza San Paolo, 14 - 12051 ALBA (CN) (non commercial uses only) ® Copyright 2017
520 _aTEMPO DI SPERANZA. NOTA. PENTECOSTE. DIALOGO PER CORRISPONDENZA. CELEBRAZIONE CRESIMA. CATECHISMO IN VACANZA. CAMMINO VERSO IL PADRE. PROFETA. SACERDOTI. SEGNALAZIONI. FERRONATO, COZZI, MIGNOLLI, BATTISTELLA, GRAZIOSO.
650 _aCATECHESI
942 _cCR
957 _71
999 _a62776
_bNO
_g1
_c329802
_d329802